• 首页
  • 本馆介绍
  • 公告通知
  • 最新文献
  • 馆藏检索
  • 电子资源
  • 读者导购
  • 参考咨询
  • 我的图书馆
  • 登录
  • 详细信息显示
  • 放入我的书架
  • 预约/预借图书
  • 作者相关作品
  • 分类相关作品
  • 丛书相关作品
  • 出版社相关作品

书目信息

  • 表格格式
  • 工作单格式
  • 卡片格式
题名:
学前儿童音乐教育与活动指导
    
 
作者: 高杰英 主编
分册:  
出版信息: 沈阳   东北大学出版社  2015
页数: 171页
开本: 29cm
丛书名:
单 册:
中图分类: G613.5
科图分类:
主题词: 学前儿童--xue qian er tong--音乐教学--学前教育--教材
电子资源:
ISBN: 978-7-5517-0875-3
000 01062nam0 2200265 450
001 012001005171
005 20131111143807.0
010    @a978-7-5517-0875-3@dCNY36.00
099    @aCAL 012015095071
100    @a20150805d2015 em y0chiy50 ea
101 0  @achi
102    @aCN@b210000
105    @ak a 000yy
106    @ar
200 1  @a学前儿童音乐教育与活动指导@Axue qian er tong yin yue jiao yu yu huo dong zhi dao@f主编高杰英
210    @a沈阳@c东北大学出版社@d2015
215    @a171页@d29cm
320    @a有书目 (第171页)
330    @a本书分为学前儿童音乐教育基本理论、学前儿童音乐教育基本内容及实践、学前儿童音乐教育方法与评价三个单元, 主要内容包括: 音乐与学前儿童音乐 ; 学前儿童音乐教育的基本观点 ; 学前儿童音乐教育的流派和课程模式 ; 学前儿童歌唱教学活动指导等。
333    @a全国学前教育专业“十二五”规划教材 学前教育专业改革创新型示范教材
606 0  @a学前儿童@Axue qian er tong@x音乐教学@x学前教育@j教材
690    @aG613.5@v5
701  0 @a高杰英@Agao jie ying@4主编
801    @b江苏凤凰@c20191020
905    @b1213000-5@dG613.5@e1005@f6
    
    学前儿童音乐教育与活动指导/主编高杰英.-沈阳:东北大学出版社,2015
    171页;29cm
    使用对象:全国学前教育专业“十二五”规划教材 学前教育专业改革创新型示范教材
    
    ISBN 978-7-5517-0875-3:CNY36.00
    本书分为学前儿童音乐教育基本理论、学前儿童音乐教育基本内容及实践、学前儿童音乐教育方法与评价三个单元, 主要内容包括: 音乐与学前儿童音乐 ; 学前儿童音乐教育的基本观点 ; 学前儿童音乐教育的流派和课程模式 ; 学前儿童歌唱教学活动指导等。
●
相关链接 在E读中查询图书 在五车中查询图书 在当当中查询图书 在豆瓣中查询图书


正题名:学前儿童音乐教育与活动指导     索取号:G613.5/1005         预约/预借

序号 登录号 条形码 馆藏地/架位号 状态 备注
1 1213000   212130004   第一样本阅览室/ [索取号:G613.5/1005] 在馆    
2 1213001   212130013   教育系资料室/ [索取号:G613.5/1005] 在馆    
3 1213002   212130022   教育系资料室/ [索取号:G613.5/1005] 在馆    
4 1213003   212130031   教育系资料室/ [索取号:G613.5/1005] 在馆    
5 1213004   212130040   第四借阅区/ [索取号:G613.5/1005] 在馆    
6 1213005   212130059   第四借阅区/ [索取号:G613.5/1005] 在馆    
唐山师范学院图书馆 欢迎您!
大连网信软件有限公司© 版权所有